The Heat Network Regulations (Record no. 115534)

MARC details
000 -LEADER
fixed length control field 01450cam a22002655a 4500
001 - CONTROL NUMBER
control field L158837
008 - FIXED-LENGTH DATA ELEMENTS--GENERAL INFORMATION
fixed length control field 150807s2015 xxk f 000 0 eng d
035 ## - SYSTEM CONTROL NUMBER
System control number (Sirsi) u158837
041 0# - LANGUAGE CODE
Language code of text/sound track or separate title eng
100 1# - MAIN ENTRY--PERSONAL NAME
Personal name Thompson, Adrian
245 04 - TITLE STATEMENT
Title The Heat Network Regulations
Remainder of title Another duty for landlords
260 ## - PUBLICATION, DISTRIBUTION, ETC.
Date of publication, distribution, etc. 2015
490 #0 - SERIES STATEMENT
Series statement Letting Update Journal
Volume/sequential designation 23 (2) July 2015, 20-21(3)
520 ## - SUMMARY, ETC.
Summary, etc. Outlines the duties of landlords and managing agents of residential properties which have communal heating systems and where tenants pay their bills individually . The Heat Network (Metering and Billing) Regulations 2014 amended by the Heat Network (Metering and Billing) (Amendment) Regulations 2015 requires landlords and managing agents as the heater supplier to submit the required data about their heating systems to the National Measurement and Regulation Office by 31 December 2015 and to install individual meters in the properties by 31 December 2016 and provide tenants with their own bills showing their annual energy use consumption.
590 ## - LOCAL NOTE (RLIN)
Local note KA
650 24 - SUBJECT ADDED ENTRY--TOPICAL TERM
Topical term or geographic name entry element HEAT NETWORK (METERING AND BILLING) (AMENDMENT) REGULATIONS 2015
650 24 - SUBJECT ADDED ENTRY--TOPICAL TERM
Topical term or geographic name entry element HEAT NETWORK (METERING AND BILLING) REGULATIONS 2014
650 #4 - SUBJECT ADDED ENTRY--TOPICAL TERM
Topical term or geographic name entry element COMMUNAL HEATING
651 #4 - SUBJECT ADDED ENTRY--GEOGRAPHIC NAME
Geographic name ENGLAND AND WALES
690 ## - LOCAL SUBJECT ADDED ENTRY--TOPICAL TERM (OCLC, RLIN)
Topical term or geographic name as entry element Property management
9 (RLIN) 6262
690 ## - LOCAL SUBJECT ADDED ENTRY--TOPICAL TERM (OCLC, RLIN)
Topical term or geographic name as entry element Landlord and tenant
9 (RLIN) 6252
690 ## - LOCAL SUBJECT ADDED ENTRY--TOPICAL TERM (OCLC, RLIN)
Topical term or geographic name as entry element Residential property
9 (RLIN) 6266
690 ## - LOCAL SUBJECT ADDED ENTRY--TOPICAL TERM (OCLC, RLIN)
Topical term or geographic name as entry element Energy
9 (RLIN) 6237
942 ## - ADDED ENTRY ELEMENTS (KOHA)
Suppress in OPAC 0
Holdings
Withdrawn status Lost status Source of classification or shelving scheme Damaged status Not for loan Home library Current library Shelving location Date acquired Total Checkouts Full call number Barcode Date last seen Copy number Price effective from Koha item type
    Dewey Decimal Classification     London London Journal article 07/08/2015   L158837 158837-1001 06/08/2019 1 06/08/2019 Journal article